[Event "USA tt"]
[Site "ICC INT"]
[Date "2011.09.26"]
[Round "5"]
[White "Vaidya, Chaitanya N"]
[Black "Abrahamyan, Tatev"]
[Result "1/2-1/2"]
[WhiteElo "2201"]
[BlackElo "2289"]
[PlyCount "115"]
[EventDate "2011.08.29"]
[EventType "team-tourn"]
[EventRounds "10"]
[EventCountry "USA"]
[SourceTitle "CBM 144 Extra"]
[Source "ChessBase"]
[SourceDate "2011.10.28"]
[SourceVersion "1"]
[SourceVersionDate "2011.10.28"]
[SourceQuality "1"]
[WhiteTeam "Dallas Destiny"]
[BlackTeam "Los Angeles"]
[WhiteTeamCountry "USA"]
[BlackTeamCountry "USA"]

1. d4 Nf6 2. c4 g6 3. Nc3 Bg7 4. e4 d6 5. f3 0-0 6. Be3 Nc6 7. Nge2 a6 8. Qd2 Rb8 9. h4 h5 10. Nd5 b5 11. Bh6 bxc4 12. Bxg7 Kxg7 13. Nxf6 exf6 14. Nc3 Na5 15. 0-0-0 c6 16. Be2 Bd7 17. g4 hxg4 18. fxg4 Qe7 19. Qf4 Rh8 20. Rdf1 Rh7 21. Rh2 Rbh8 22. h5 g5 23. Qd2 Rh6 24. Rhf2 f5 25. Rxf5 Bxf5 26. Rxf5 Nb7 27. Rxg5+ Kf8 28. Bxc4 a5 29. e5 d5 30. Be2 Nd8 31. Rf5 Ne6 32. a3 Qa7 33. g5 Nxd4 34. Qf4 Nxf5 35. Qxf5 Qe3+ 36. Kb1 Rxh5 37. Bxh5 Rxh5 38. Qc8+ Kg7 39. Qxc6 Qd3+ 40. Ka1 Rh1+ 41. Ka2 Qc4+ 42. Qxc4 dxc4 43. Ne4 Re1 44. Nd6 Rxe5 45. Nxc4 Rxg5 46. Kb3 Rd5 47. Kc3 Kg6 48. b4 axb4+ 49. axb4 f5 50. Ne3 Rd8 51. Ng2 Kg5 52. b5 f4 53. Ne1 Kg4 54. Kc4 f3 55. Nxf3 Kxf3 56. b6 Rb8 57. Kc5 Rxb6 58. Kxb6 1/2-1/2

[Event "Richardson UTD IM"]
[Site "Richardson"]
[Date "2008.11.29"]
[Round "7"]
[White "Kraai, Jesse"]
[Black "Vaidya, Chaitanya N"]
[Result "1/2-1/2"]
[WhiteElo "2502"]
[BlackElo "2170"]
[PlyCount "79"]
[EventDate "2008.11.26"]
[EventType "tourn"]
[EventRounds "9"]
[EventCountry "USA"]
[EventCategory "2"]
[SourceTitle "CBM 127 Extra"]
[Source "ChessBase"]
[SourceDate "2009.01.08"]
[SourceVersion "2"]
[SourceVersionDate "2009.01.28"]
[SourceQuality "1"]

1. Nf3 d5 2. d4 Nf6 3. c4 e6 4. g3 Be7 5. Bg2 0-0 6. 0-0 dxc4 7. Qc2 a6 8. a4 c5 9. dxc5 Bxc5 10. Nbd2 Nc6 11. Nxc4 Nb4 12. Qb3 e5 13. Be3 Qe7 14. Bxc5 Qxc5 15. Ncxe5 Be6 16. Qc3 Rac8 17. Qxc5 Rxc5 18. Rfc1 Rfc8 19. Rxc5 Rxc5 20. Rd1 h6 21. h3 Kf8 22. Nd3 Nxd3 23. Rxd3 Rc1+ 24. Kh2 Rb1 25. Rd2 Ne4 26. Rc2 Nxf2 27. a5 Nd1 28. Nd4 Rxb2 29. Rxb2 Nxb2 30. Bxb7 Bc4 31. Kg2 Na4 32. Kf3 Nc5 33. Bc6 g6 34. e4 Ke7 35. Ke3 Kd6 36. Ba8 Nd7 37. Kd2 Nc5 38. Ke3 Nd7 39. Kd2 Nc5 40. Ke3 1/2-1/2

[Event "Richardson UTD IM"]
[Site "Richardson"]
[Date "2008.11.26"]
[Round "1"]
[White "Vedrickas, Tautvydas"]
[Black "Vaidya, Chaitanya N"]
[Result "1/2-1/2"]
[WhiteElo "2268"]
[BlackElo "2170"]
[PlyCount "126"]
[EventDate "2008.11.26"]
[EventType "tourn"]
[EventRounds "9"]
[EventCountry "USA"]
[EventCategory "2"]
[SourceTitle "CBM 127 Extra"]
[Source "ChessBase"]
[SourceDate "2009.01.08"]
[SourceVersion "2"]
[SourceVersionDate "2009.01.28"]
[SourceQuality "1"]

1. d4 Nf6 2. c4 e6 3. Nc3 d5 4. cxd5 exd5 5. Bg5 c6 6. e3 Be7 7. Bd3 Nbd7 8. Qc2 0-0 9. Nf3 Re8 10. 0-0 Nf8 11. Rae1 Ne4 12. Bxe7 Qxe7 13. Bxe4 dxe4 14. Nd2 f5 15. f3 exf3 16. Nxf3 Be6 17. e4 fxe4 18. Nxe4 Qb4 19. b3 Bg4 20. a3 Qb6 21. Neg5 Bxf3 22. Nxf3 Qb5 23. Ne5 Qd5 24. Re4 c5 25. Rh4 h6 26. Rg4 Re7 27. Qf5 Rd8 28. Qf6 Qd6 29. Qxd6 Rxd6 30. dxc5 Rde6 31. Nc4 Rc7 32. b4 b6 33. cxb6 axb6 34. Rd4 Ng6 35. Rfd1 Re2 36. R1d2 Re1+ 37. Kf2 Rce7 38. g3 Ra1 39. Nxb6 Rxa3 40. Nd5 Rf7+ 41. Kg2 Rb3 42. Re2 Kh7 43. Rdd2 Rb7 44. h4 h5 45. Re4 Ra7 46. Ne3 Raa3 47. Kf2 Ra4 48. Rd5 Rbxb4 49. Re8 Kh6 50. Nf5+ Kh7 51. Nd6 Ra2+ 52. Re2 Rf4+ 53. gxf4 Rxe2+ 54. Kf3 Rh2 55. Rxh5+ Kg8 56. Kg3 Rd2 57. Ne4 Rd3+ 58. Kg4 Rd4 59. Rg5 Nxh4 60. Nc5 Ng2 61. Ne6 Re4 62. Rxg7+ Kh8 63. Kf5 Rxf4+ 1/2-1/2

[Event "Tulsa Okie Masters"]
[Site "Tulsa"]
[Date "2008.09.01"]
[Round "6"]
[White "Vaidya, Chaitanya N"]
[Black "Chua, Alexander J"]
[Result "0-1"]
[WhiteElo "2145"]
[BlackElo "2262"]
[PlyCount "68"]
[EventDate "2008.08.30"]
[EventType "tourn"]
[EventRounds "7"]
[EventCountry "USA"]
[SourceTitle "CBM 126 Extra"]
[Source "ChessBase"]
[SourceDate "2008.11.05"]
[SourceVersion "1"]
[SourceVersionDate "2008.11.05"]
[SourceQuality "1"]

1. d4 c5 2. d5 e5 3. c4 d6 4. Nc3 Be7 5. g3 Nf6 6. Bg2 Nbd7 7. Nf3 a6 8. a3 Rb8 9. b4 Qc7 10. b5 a5 11. e4 b6 12. Nh4 g6 13. Bh6 Bf8 14. Qd2 Qd8 15. 0-0-0 Bxh6 16. Qxh6 Ng4 17. Qd2 0-0 18. h3 Ngf6 19. f4 exf4 20. gxf4 Nh5 21. Nf5 gxf5 22. Rhg1 Kh8 23. Bf3 Ng7 24. exf5 Nf6 25. Qb2 Bxf5 26. Rg5 Nfe8 27. Rdg1 Qf6 28. h4 Rb7 29. h5 h6 30. R5g3 Re7 31. Na4 Qxb2+ 32. Kxb2 Rb7 33. Re1 Nf6 34. Rg2 Bh7 0-1

[Event "Tulsa Okie Masters"]
[Site "Tulsa"]
[Date "2008.08.31"]
[Round "4"]
[White "Vaidya, Chaitanya N"]
[Black "Holt, Conrad"]
[Result "1-0"]
[WhiteElo "2145"]
[BlackElo "2219"]
[PlyCount "137"]
[EventDate "2008.08.30"]
[EventType "tourn"]
[EventRounds "7"]
[EventCountry "USA"]
[SourceTitle "CBM 126 Extra"]
[Source "ChessBase"]
[SourceDate "2008.11.05"]
[SourceVersion "1"]
[SourceVersionDate "2008.11.05"]
[SourceQuality "1"]

1. d4 d5 2. c4 c6 3. Nf3 Nf6 4. Nc3 dxc4 5. a4 Bf5 6. e3 e6 7. Bxc4 Bb4 8. 0-0 0-0 9. Qe2 Nbd7 10. e4 Bg6 11. Bd3 Bh5 12. e5 Nd5 13. Bd2 Be7 14. a5 Nb4 15. Be4 b6 16. axb6 Nxb6 17. Be3 N6d5 18. Qc4 Qb6 19. Rfc1 Rfb8 20. Nd2 Bg6 21. Bxg6 hxg6 22. Qe2 a5 23. Nc4 Qd8 24. Ra4 Ra7 25. Rca1 Rba8 26. Ne4 Qc7 27. Bg5 Bxg5 28. Nxg5 Nb6 29. Nxb6 Qxb6 30. Qe4 Rd8 31. Rd1 Rad7 32. Nf3 Qb5 33. Rda1 Rd5 34. Rxa5 Qxa5 35. Rxa5 Rxa5 36. h3 Rad5 37. Kh2 c5 38. dxc5 Nc6 39. Qc4 Rb8 40. b3 Na5 41. Qa6 Nxb3 42. c6 Nc5 43. Qa7 Rf8 44. Qe7 Nb3 45. c7 Rc5 46. Ng5 Rc6 47. Qb4 Nc5 48. Qh4 Re8 49. Qh7+ Kf8 50. Qh8+ Ke7 51. Qxg7 Rf8 52. Nh7 Rc8 53. Ng5 Rf8 54. Qf6+ Kd7 55. Nh7 Ra8 56. Qxf7+ Kc8 57. Nf6 Rxc7 58. Qxg6 Ra2 59. Qe8+ Kb7 60. Qb5+ Ka7 61. Ne8 Rc8 62. Nd6 Rc7 63. f4 Ka8 64. Qb6 Na6 65. Nb5 Rg7 66. Qc6+ Kb8 67. h4 Rg8 68. Qb6+ Kc8 69. Qxe6+ 1-0

[Event "US Open-109"]
[Site "Dallas"]
[Date "2008.08.10"]
[Round "9"]
[White "Vaidya, Chaitanya N"]
[Black "Sevillano, Enrico"]
[Result "0-1"]
[WhiteElo "2145"]
[BlackElo "2505"]
[PlyCount "86"]
[EventDate "2008.08.02"]
[EventType "swiss"]
[EventRounds "9"]
[EventCountry "USA"]
[SourceTitle "CBM 125 Extra"]
[Source "ChessBase"]
[SourceDate "2008.09.01"]
[SourceVersion "1"]
[SourceVersionDate "2008.09.01"]
[SourceQuality "1"]

1. d4 e6 2. c4 b6 3. Nc3 Bb7 4. f3 f5 5. e3 Bd6 6. Nh3 a6 7. g3 Nf6 8. Bg2 0-0 9. 0-0 Nc6 10. a3 e5 11. b4 exd4 12. exd4 a5 13. Nb5 axb4 14. Nxd6 cxd6 15. Bf4 d5 16. cxd5 Nxd5 17. axb4 Qf6 18. Rxa8 Bxa8 19. Re1 Qxd4+ 20. Qxd4 Nxd4 21. Bd6 Rc8 22. f4 Nf6 23. Bxa8 Rxa8 24. Rd1 Ne2+ 25. Kf1 Nc3 26. Rc1 Nce4 27. Be5 Ng4 28. Ra1 Rc8 29. Ra2 Rc1+ 30. Kg2 Rd1 31. Bc7 Ne3+ 32. Kf3 Nd5 33. Bd8 Rf1+ 34. Nf2 Nxb4 35. Re2 Nd5 36. Kg2 Rxf2+ 37. Rxf2 Nxf2 38. Kxf2 Kf7 39. Ke2 Ke8 40. Bh4 d6 41. Kd3 Kd7 42. Kd4 Kc6 43. Bd8 Nc7 0-1

[Event "Mumbai Mayors Cup 1st"]
[Site "Mumbai"]
[Date "2008.05.18"]
[Round "10"]
[White "Vaidya, Chaitanya N"]
[Black "Ramaswamy, Aarthie"]
[Result "1-0"]
[WhiteElo "2129"]
[BlackElo "2298"]
[PlyCount "113"]
[EventDate "2008.05.11"]
[EventType "swiss"]
[EventRounds "11"]
[EventCountry "IND"]
[SourceTitle "CBM 124 Extra"]
[Source "ChessBase"]
[SourceDate "2008.07.03"]
[SourceVersion "1"]
[SourceVersionDate "2008.07.03"]
[SourceQuality "1"]

1. d4 Nf6 2. c4 e6 3. Nc3 Bb4 4. Qc2 0-0 5. a3 Bxc3+ 6. Qxc3 b6 7. Bg5 Bb7 8. e3 d6 9. Qc2 Nbd7 10. Rd1 h6 11. Bh4 Qe7 12. Ne2 Rac8 13. Nc3 a6 14. f3 d5 15. cxd5 exd5 16. Bf2 c5 17. Be2 c4 18. 0-0 b5 19. Rde1 Bc6 20. Bd1 Rfe8 21. Qf5 Nb6 22. Bh4 g5 23. Bxg5 hxg5 24. Qxg5+ Kh8 25. Qh6+ Nh7 26. Bc2 f6 27. f4 Qg7 28. Qh4 Rg8 29. Re2 Rcf8 30. h3 f5 31. g4 Qf6 32. g5 Qe7 33. Rf3 Be8 34. Rg2 a5 35. Ne2 b4 36. axb4 axb4 37. Ng3 Bg6 38. Qh6 Qg7 39. Qxg7+ Rxg7 40. h4 Ra7 41. h5 Ra1+ 42. Rf1 Rxf1+ 43. Kxf1 b3 44. hxg6 bxc2 45. Rxc2 Nxg5 46. fxg5 Kg7 47. Nh5+ Kxg6 48. Nf4+ Kf7 49. Rh2 Rg8 50. Rh7+ Ke8 51. Rb7 Nd7 52. g6 Kd8 53. Ra7 Nf6 54. g7 Ke8 55. Ne6 Nd7 56. Nc7+ Kf7 57. Nxd5 1-0

[Event "Mumbai Mayors Cup 1st"]
[Site "Mumbai"]
[Date "2008.05.12"]
[Round "2"]
[White "Rahman, Ziaur"]
[Black "Vaidya, Chaitanya N"]
[Result "1-0"]
[WhiteElo "2511"]
[BlackElo "2129"]
[PlyCount "43"]
[EventDate "2008.05.11"]
[EventType "swiss"]
[EventRounds "11"]
[EventCountry "IND"]
[SourceTitle "CBM 124 Extra"]
[Source "ChessBase"]
[SourceDate "2008.07.03"]
[SourceVersion "1"]
[SourceVersionDate "2008.07.03"]
[SourceQuality "1"]

1. Nf3 d6 2. d4 g6 3. Bg5 Bg7 4. Nbd2 Nd7 5. c3 c5 6. e3 Ngf6 7. Bd3 b6 8. 0-0 Bb7 9. e4 0-0 10. Re1 e5 11. d5 a6 12. a4 Qc7 13. h3 Nh5 14. Nh2 h6 15. Be3 Nf4 16. Bf1 f5 17. g3 fxe4 18. c4 Nxd5 19. cxd5 Bxd5 20. Nc4 Qc6 21. Qd2 b5 22. Na5 1-0

[Event "Pune CC Knockout"]
[Site "Pune"]
[Date "2006.10.30"]
[Round "1.2"]
[White "Akshayraj, Kore"]
[Black "Vaidya, Chaitanya N"]
[Result "1-0"]
[WhiteElo "2429"]
[BlackElo "2132"]
[PlyCount "44"]
[EventDate "2006.10.30"]
[EventType "k.o. (rapid)"]
[EventRounds "6"]
[EventCountry "IND"]
[SourceTitle "EXT 2007"]
[Source "ChessBase"]
[SourceDate "2006.11.23"]
[SourceVersion "1"]
[SourceVersionDate "2006.11.23"]
[SourceQuality "1"]

1. e4 e6 2. d4 d5 3. Nc3 Bb4 4. e5 c5 5. a3 Bxc3+ 6. bxc3 Ne7 7. Qg4 Qc7 8. Qxg7 Rg8 9. Qxh7 cxd4 10. Ne2 Nbc6 11. f4 Bd7 12. Qd3 dxc3 13. Rb1 0-0-0 14. Qxc3 Nf5 15. Rg1 f6 16. exf6 d4 17. Qc5 Nd6 18. f7 Rgf8 19. Nxd4 Ne4 20. Qc4 Nxd4 21. Qxd4 Ba4 22. Qxe4 Bxc2 1-0

[Event "Pune CC Knockout"]
[Site "Pune"]
[Date "2006.10.30"]
[Round "1.1"]
[White "Vaidya, Chaitanya N"]
[Black "Akshayraj, Kore"]
[Result "1/2-1/2"]
[WhiteElo "2132"]
[BlackElo "2429"]
[PlyCount "81"]
[EventDate "2006.10.30"]
[EventType "k.o. (rapid)"]
[EventRounds "6"]
[EventCountry "IND"]
[SourceTitle "EXT 2007"]
[Source "ChessBase"]
[SourceDate "2006.11.23"]
[SourceVersion "1"]
[SourceVersionDate "2006.11.23"]
[SourceQuality "1"]

1. d4 Nf6 2. c4 d6 3. Nc3 g6 4. e4 Bg7 5. f3 0-0 6. Be3 Nc6 7. Nge2 a6 8. Qd2 Rb8 9. h4 h5 10. 0-0-0 b5 11. Bh6 e6 12. g4 b4 13. Nb1 Kh7 14. Bg5 Qe8 15. Ng3 e5 16. d5 Nd4 17. Bxf6 Bxf6 18. gxh5 gxh5 19. Nxh5 Bh8 20. Ng3 Bg7 21. f4 Bh6 22. Ne2 Bg4 23. Qd3 Bxe2 24. Bxe2 Bxf4+ 25. Nd2 Rg8 26. Rdg1 Qe7 27. Kb1 Rxg1+ 28. Rxg1 Rg8 29. Rxg8 Kxg8 30. Nf3 Nxf3 31. Qxf3 Qxh4 32. Qg4+ Qxg4 33. Bxg4 Be3 34. Kc2 a5 35. Kb3 Kf8 36. Ka4 Bb6 37. Kb5 Ke7 38. Bf5 Kf6 39. a3 bxa3 40. bxa3 Ke7 41. a4 1/2-1/2

[Event "Wch U20 43rd"]
[Site "Cochin"]
[Date "2004.11.26"]
[Round "10"]
[White "Vaidya, Chaitanya N"]
[Black "Buchicchio, Giampaolo"]
[Result "1-0"]
[WhiteElo "2184"]
[BlackElo "2315"]
[PlyCount "81"]
[EventDate "2004.11.20"]
[EventType "swiss"]
[EventRounds "13"]
[EventCountry "IND"]
[SourceTitle "CBM 103 Extra"]
[Source "ChessBase"]
[SourceDate "2005.01.01"]
[SourceVersion "1"]
[SourceVersionDate "2005.01.01"]
[SourceQuality "1"]

1. d4 d5 2. c4 c6 3. Nf3 Nf6 4. Nc3 a6 5. c5 Nbd7 6. Bf4 Nh5 7. Bd2 Nhf6 8. Bf4 Nh5 9. Bd2 g6 10. e4 dxe4 11. Nxe4 Ndf6 12. Nxf6+ Nxf6 13. Bc4 Bg7 14. Qb3 0-0 15. 0-0 Nd5 16. Rfe1 e6 17. Rad1 Qc7 18. Bg5 h6 19. Bd2 Kh7 20. Re4 Rh8 21. Rde1 Bd7 22. Bxd5 cxd5 23. Bf4 Qc6 24. R4e3 Qb5 25. Qc2 Be8 26. h4 Kg8 27. Ne5 Rc8 28. Qd2 a5 29. Rb3 Qa6 30. Rb6 Qa7 31. Qe2 Rd8 32. Qe3 a4 33. Ng4 h5 34. Bg5 Ra8 35. Nf6+ Kf8 36. Qg3 Bxf6 37. Bxf6 Rh7 38. Qc7 Qa5 39. Rexe6 Bc6 40. Rbxc6 bxc6 41. Qe7+ 1-0

[Event "Wch U20 43rd"]
[Site "Cochin"]
[Date "2004.11.24"]
[Round "8"]
[White "Vaidya, Chaitanya N"]
[Black "Phadke, Sohan"]
[Result "1-0"]
[WhiteElo "2184"]
[BlackElo "2125"]
[PlyCount "61"]
[EventDate "2004.11.20"]
[EventType "swiss"]
[EventRounds "13"]
[EventCountry "IND"]
[SourceTitle "CBM 103 Extra"]
[Source "ChessBase"]
[SourceDate "2005.01.01"]
[SourceVersion "1"]
[SourceVersionDate "2005.01.01"]
[SourceQuality "1"]

1. d4 Nf6 2. c4 c5 3. d5 b5 4. cxb5 a6 5. bxa6 Bxa6 6. Nc3 d6 7. g3 g6 8. Bg2 Bg7 9. Nf3 Nbd7 10. Rb1 0-0 11. 0-0 Qa5 12. Bd2 Bb7 13. Qc2 Qa6 14. e4 Ng4 15. Rfd1 Qa5 16. b3 Rfc8 17. h3 Nge5 18. Nxe5 Bxe5 19. a4 Ba6 20. Nb5 Qd8 21. f4 Bd4+ 22. Nxd4 cxd4 23. Qb2 Qb6 24. Kh2 d3 25. Bc3 Rc7 26. e5 Rac8 27. Rbc1 Qe3 28. Re1 Qc5 29. e6 f6 30. exd7 Rxd7 31. Bxf6 1-0

[Event "Wch U20 43rd"]
[Site "Cochin"]
[Date "2004.11.22"]
[Round "6"]
[White "Vaidya, Chaitanya N"]
[Black "Phanikanth, JSS"]
[Result "1-0"]
[WhiteElo "2184"]
[BlackElo "1985"]
[PlyCount "37"]
[EventDate "2004.11.20"]
[EventType "swiss"]
[EventRounds "13"]
[EventCountry "IND"]
[SourceTitle "CBM 103 Extra"]
[Source "ChessBase"]
[SourceDate "2005.01.01"]
[SourceVersion "1"]
[SourceVersionDate "2005.01.01"]
[SourceQuality "1"]

1. d4 d5 2. c4 e6 3. Nc3 Nf6 4. Bg5 Be7 5. cxd5 Nxd5 6. Bxe7 Qxe7 7. e4 Nxc3 8. bxc3 c5 9. Nf3 0-0 10. Bd3 Nc6 11. 0-0 Rd8 12. d5 exd5 13. exd5 Ne5 14. Re1 Nxf3+ 15. Qxf3 Qd6 16. Re2 Bd7 17. Rae1 g6 18. Re7 Be6 19. R1xe6 1-0

[Event "Wch U20 43rd"]
[Site "Cochin"]
[Date "2004.11.22"]
[Round "5"]
[White "Vaidya, Chaitanya N"]
[Black "Tomba, Ivan"]
[Result "1/2-1/2"]
[WhiteElo "2184"]
[BlackElo "2235"]
[PlyCount "118"]
[EventDate "2004.11.20"]
[EventType "swiss"]
[EventRounds "13"]
[EventCountry "IND"]
[SourceTitle "CBM 103 Extra"]
[Source "ChessBase"]
[SourceDate "2005.01.01"]
[SourceVersion "1"]
[SourceVersionDate "2005.01.01"]
[SourceQuality "1"]

1. d4 d5 2. c4 c6 3. Nc3 Nf6 4. Nf3 a6 5. c5 Nbd7 6. Bf4 Nh5 7. e3 Nxf4 8. exf4 b6 9. b4 g6 10. Bd3 Bg7 11. Rc1 a5 12. a3 axb4 13. axb4 bxc5 14. bxc5 Ra3 15. Qd2 Qa5 16. Ne2 Qa4 17. 0-0 0-0 18. Rc3 Ba6 19. Rxa3 Qxa3 20. Bxa6 Qxa6 21. Rb1 Ra8 22. g3 Nf6 23. Nc3 Ne4 24. Qe3 f5 25. Nxe4 fxe4 26. Ne5 Bxe5 27. fxe5 Qc4 28. Qg5 Qxd4 29. Qxe7 Rf8 30. Rf1 Rf5 31. Qe8+ Kg7 32. Qe7+ Rf7 33. Qg5 Qxc5 34. Kg2 Rf5 35. Qd8 Rxe5 36. Rb1 Rf5 37. Rb7+ Rf7 38. Rxf7+ Kxf7 39. Qd7+ Qe7 40. Qxc6 Qe6 41. Qb7+ Kg8 42. Qb8+ Kg7 43. Qb2+ Qf6 44. Qb7+ Qf7 45. Qb2+ Kf8 46. Qb8+ Ke7 47. Qc7+ Ke6 48. Qb6+ Kf5 49. Qd6 h5 50. h3 Kg5 51. Qd8+ Kh6 52. Qh8+ Qh7 53. Qe5 Qg8 54. h4 Kh7 55. Qe7+ Qg7 56. Qe6 Qb7 57. Qe5 Qd7 58. Qd4 Qf7 59. Kg1 Qd7 1/2-1/2

[Event "Wch U20 43rd"]
[Site "Cochin"]
[Date "2004.11.21"]
[Round "3"]
[White "Vaidya, Chaitanya N"]
[Black "Ashwath, R."]
[Result "0-1"]
[WhiteElo "2184"]
[BlackElo "2124"]
[PlyCount "100"]
[EventDate "2004.11.20"]
[EventType "swiss"]
[EventRounds "13"]
[EventCountry "IND"]
[SourceTitle "CBM 103 Extra"]
[Source "ChessBase"]
[SourceDate "2005.01.01"]
[SourceVersion "1"]
[SourceVersionDate "2005.01.01"]
[SourceQuality "1"]

1. d4 Nf6 2. c4 e6 3. Nc3 Bb4 4. Qc2 0-0 5. a3 Bxc3+ 6. Qxc3 b6 7. Bg5 Bb7 8. e3 d6 9. f3 Nbd7 10. Ne2 Rc8 11. Qd3 c5 12. Nc3 Ba6 13. Qd1 cxd4 14. Qxd4 Qc7 15. Rd1 h6 16. Bxf6 Nxf6 17. Qxd6 Bxc4 18. Qxc7 Rxc7 19. Bxc4 Rxc4 20. Ke2 Rfc8 21. g4 b5 22. Rd2 b4 23. axb4 Rxb4 24. Ra1 Rcb8 25. Nd1 R8b7 26. Rd8+ Kh7 27. Ra8 Rc7 28. R1xa7 Rc2+ 29. Kd3 Rxh2 30. Rxf7 Rb6 31. Raa7 Rd6+ 32. Kc3 Ne8 33. Rfd7 Rxd7 34. Rxd7 Nf6 35. Rd3 Nd5+ 36. Kd4 Nb4 37. Rb3 Rd2+ 38. Ke4 Na6 39. Rb6 Nc5+ 40. Kf4 Rxd1 41. b4 e5+ 42. Kg3 Nd7 43. Rb7 Nf6 44. b5 e4 45. f4 Rd3 46. g5 Rxe3+ 47. Kh4 Nd5 48. f5 hxg5+ 49. Kxg5 Rg3+ 50. Kh4 Rf3 0-1

[Event "Wch U20 43rd"]
[Site "Cochin"]
[Date "2004.11.20"]
[Round "2"]
[White "Smerdon, David"]
[Black "Vaidya, Chaitanya N"]
[Result "1-0"]
[WhiteElo "2425"]
[BlackElo "2184"]
[PlyCount "61"]
[EventDate "2004.11.20"]
[EventType "swiss"]
[EventRounds "13"]
[EventCountry "IND"]
[SourceTitle "CBM 103 Extra"]
[Source "ChessBase"]
[SourceDate "2005.01.01"]
[SourceVersion "1"]
[SourceVersionDate "2005.01.01"]
[SourceQuality "1"]

1. e4 e6 2. d4 d5 3. e5 c5 4. c3 Nc6 5. Nf3 Qb6 6. Bd3 cxd4 7. cxd4 Bd7 8. 0-0 Nxd4 9. Nbd2 Nc6 10. Nb3 Qc7 11. Bf4 Nge7 12. Bg3 g6 13. Bf4 Bg7 14. Rc1 h6 15. Re1 a6 16. h4 Bc8 17. Rc3 b6 18. Nbd4 Qd7 19. a4 Bb7 20. Qb3 Qd8 21. Rec1 Rc8 22. Nxc6 Rxc6 23. Rxc6 Bxc6 24. Bxa6 0-0 25. Nd4 Bd7 26. Qb4 Nc8 27. Bxc8 Bxc8 28. Nc6 Qxh4 29. Ne7+ Kh7 30. Nxc8 f6 31. Rc7 1-0

[Event "Chennai WinTV op 1st"]
[Site "Chennai"]
[Date "2004.01.28"]
[Round "9"]
[White "Vaidya, Chaitanya N"]
[Black "Roy Chowdhury, Saptarshi"]
[Result "0-1"]
[WhiteElo "2107"]
[BlackElo "2400"]
[PlyCount "36"]
[EventDate "2004.01.21"]
[EventType "swiss"]
[EventRounds "13"]
[EventCountry "IND"]
[SourceTitle "CBM 098 Extra"]
[Source "ChessBase"]
[SourceDate "2004.03.10"]
[SourceVersion "2"]
[SourceVersionDate "2004.03.10"]
[SourceQuality "1"]

1. d4 e6 2. c4 b6 3. Nc3 Bb7 4. e4 Bb4 5. Qc2 Qh4 6. d5 f5 7. Bd2 fxe4 8. Nxe4 Bxd2+ 9. Nxd2 exd5 10. cxd5 Qe7+ 11. Ne2 Na6 12. Ne4 Nb4 13. Qxc7 Qxe4 14. Qxb7 Rd8 15. Rd1 Nf6 16. a3 Nd3+ 17. Rxd3 Qxd3 18. Nc3 Qc2 0-1

[Event "Commonwealth-ch"]
[Site "Mumbai"]
[Date "2004.01.11"]
[Round "2"]
[White "Vaidya, Chaitanya N"]
[Black "Prasad, Devaki V"]
[Result "0-1"]
[WhiteElo "2107"]
[BlackElo "2395"]
[PlyCount "40"]
[EventDate "2004.01.10"]
[EventType "swiss"]
[EventRounds "9"]
[EventCountry "IND"]
[SourceTitle "EXT 2006"]
[Source "ChessBase"]
[SourceDate "2005.11.24"]
[SourceVersion "1"]
[SourceVersionDate "2005.11.24"]
[SourceQuality "1"]

1. d4 Nf6 2. c4 g6 3. Nc3 d5 4. Nf3 Bg7 5. Bf4 0-0 6. Rc1 dxc4 7. e3 c5 8. dxc5 Qa5 9. Bxc4 Qxc5 10. Bb3 Nc6 11. 0-0 Qa5 12. h3 Bf5 13. Qe2 Ne4 14. Nxe4 Bxe4 15. Rfd1 Bxf3 16. Qxf3 Bxb2 17. Rb1 Bg7 18. Rd7 Qf5 19. Rxb7 Qxb1+ 20. Kh2 Ne5 0-1